[Event "2011 March of Kings"]
[Site "Calgary"]
[Date "2011.03.05"]
[Round "2.4"]
[White "Kluytmans, Frank"]
[Black "Pua, Richard"]
[Result "0-1"]
[WhiteElo "1782"]
[BlackElo "1978"]
[PlyCount "78"]
[EventDate "2011.03.05"]
[EventType "swiss"]
[EventRounds "5"]
[EventCountry "CAN"]

1. e4 e5 2. Nf3 Nc6 3. Bb5 Bc5 4. d3 Nf6 5. O-O d6 6. h3 h6 7. c3 O-O 8. b4 Bb6
9. a4 a5 10. Bxc6 bxc6 11. Na3 Be6 12. b5 cxb5 13. axb5 Qd7 14. Kh2 c6 15. bxc6
Qxc6 16. Bd2 Rfc8 17. Qe2 Bc5 18. c4 Bxa3 19. Rxa3 a4 20. Rfa1 Ra6 21. Ne1 Bd7
22. Nc2 Qb7 23. Be3 Rb8 24. f3 Qc8 25. g4 Rb2 26. R1a2 Qb7 27. Qg2 Rxa2 28.
Rxa2 Ne8 29. g5 hxg5 30. Bxg5 Rb6 31. Ne3 Rb3 32. Nd5 a3 33. Ne7+ Kf8 34. Rxa3
Rxa3 35. Qf2 f6 36. Ng6+ Kf7 37. Bc1 Qa7 38. Nh8+ Kg8 39. Qh4 Ra2+ 0-1

[Event "2011 March of Kings"]
[Site "Calgary"]
[Date "2011.03.05"]
[Round "3.1"]
[White "Miller, Brian"]
[Black "Robichaud, Martin"]
[Result "0-1"]
[WhiteElo "1988"]
[BlackElo "2200"]
[PlyCount "114"]
[EventDate "2011.03.05"]
[EventType "swiss"]
[EventRounds "5"]
[EventCountry "CAN"]

1. d4 d5 2. c4 e6 3. Nf3 c5 4. Nc3 Nc6 5. cxd5 exd5 6. dxc5 d4 7. Ne4 Bg4 8. e3
Nf6 9. Nxf6+ Qxf6 10. Be2 Bxc5 11. Nxd4 Bb4+ 12. Bd2 Bxe2 13. Qxe2 Bxd2+ 14.
Qxd2 Rd8 15. O-O-O Nxd4 16. exd4 O-O 17. Kb1 Rd6 18. Rhe1 Qg6+ 19. Ka1 Qxg2 20.
f4 Qh3 21. Re3 Qf5 22. Re5 Qd7 23. Qe3 Qa4 24. b3 Qb4 25. Rc5 h6 26. Rc4 Qb6
27. Qe5 Re6 28. Qc5 Qa6 29. Qh5 b5 30. Rc5 g6 31. Qf3 Rfe8 32. Re5 Qd6 33. Qe4
a5 34. Qe2 b4 35. Qb5 Rxe5 36. fxe5 Qd8 37. Qc4 Rxe5 38. Rf1 Re7 39. d5 Qd6 40.
Qd4 Qe5 41. Rd1 Qxd4+ 42. Rxd4 f5 43. d6 Rd7 44. Kb2 Kf7 45. a3 Ke6 46. axb4
axb4 47. Kc2 Rxd6 48. Rxb4 g5 49. Rc4 f4 50. Re4+ Kf5 51. Re1 g4 52. b4 h5 53.
Rd1 Rxd1 54. Kxd1 Ke5 55. Ke2 Kd4 56. Kf2 Kc4 57. h3 Kxb4 0-1

[Event "2011 March of Kings"]
[Site "Calgary"]
[Date "2011.03.05"]
[Round "3.3"]
[White "Milne, Arthur"]
[Black "Zeggelaar, Mike"]
[Result "1/2-1/2"]
[WhiteElo "1704"]
[BlackElo "1947"]
[PlyCount "46"]
[EventDate "2011.03.05"]
[EventType "swiss"]
[EventRounds "5"]
[EventCountry "CAN"]

1. Nf3 Nf6 2. b3 c5 3. Bb2 Nc6 4. c4 e6 5. g3 Be7 6. Bg2 d6 7. O-O O-O 8. d4
cxd4 9. Nxd4 Bd7 10. Nc3 a6 11. Rc1 Rb8 12. Qd2 Nxd4 13. Qxd4 b5 14. Rfd1 bxc4
15. Qxc4 Qb6 16. Na4 Qa5 17. Bc3 Qb5 18. Bxf6 Qxc4 19. Rxc4 gxf6 20. Rc7 Rbd8
21. Nc5 dxc5 22. Rdxd7 Rxd7 23. Rxd7 Re8 1/2-1/2

[Event "2011 March of Kings"]
[Site "Calgary"]
[Date "2011.03.05"]
[Round "3.4"]
[White "Kluytmans, Frank"]
[Black "Li, Zeling"]
[Result "1-0"]
[WhiteElo "1782"]
[BlackElo "1021"]
[PlyCount "111"]
[EventDate "2011.03.05"]
[EventType "swiss"]
[EventRounds "5"]
[EventCountry "CAN"]

1. b4 d5 2. Bb2 Bf5 3. d3 e6 4. a3 Nf6 5. g3 Be7 6. Bg2 c6 7. Nd2 a5 8. bxa5
Qxa5 9. Kf1 Qb6 10. Nb3 Nbd7 11. Nf3 c5 12. Nfd2 e5 13. e4 Be6 14. exd5 Bxd5
15. Bxd5 Nxd5 16. Nc4 Qf6 17. Qe2 Bd6 18. Re1 O-O 19. Nxd6 Qxd6 20. Bxe5 Nxe5
21. Qxe5 Qxe5 22. Rxe5 Rad8 23. Nxc5 Rfe8 24. Rxe8+ Rxe8 25. c4 Nf6 26. Nxb7
Rb8 27. Nc5 Ra8 28. a4 Ra5 29. d4 Kf8 30. Kg2 Ke8 31. Rb1 g6 32. Rb5 Ra7 33. a5
Nd7 34. Nxd7 Rxd7 35. d5 Rc7 36. c5 Kd7 37. a6 Ra7 38. Rb7+ Rxb7 39. axb7 Kc7
40. c6 Kb8 41. d6 f5 42. f4 h6 43. Kf3 g5 44. Ke3 g4 45. Kd4 h5 46. Kd5 Ka7 47.
Ke6 Kb8 48. Kd7 h4 49. c7+ Kxb7 50. c8=Q+ Ka7 51. Qc7+ Ka8 52. Qa5+ Kb7 53. Ke8
h3 54. d7 Kb8 55. d8=Q+ Kb7 56. Qdc7# 1-0

[Event "2011 March of Kings"]
[Site "Calgary"]
[Date "2011.03.06"]
[Round "4.1"]
[White "Yearwood, Roy"]
[Black "Kaminski, Thomas"]
[Result "1-0"]
[WhiteElo "2188"]
[BlackElo "2229"]
[PlyCount "131"]
[EventDate "2011.03.05"]
[EventType "swiss"]
[EventRounds "5"]
[EventCountry "CAN"]

1. d4 Nf6 2. Bf4 g6 3. e3 Bg7 4. Nf3 O-O 5. Be2 d6 6. h3 Nbd7 7. c3 c5 8. Bh2
b6 9. a4 Bb7 10. Na3 Ne4 11. O-O Ndf6 12. Ne1 Qc8 13. Nd3 c4 14. Nb4 a5 15.
Nbc2 d5 16. Nb5 Bc6 17. Nca3 Ne8 18. b3 cxb3 19. Qxb3 Nd2 20. Qb2 Nxf1 21. Rxf1
Nd6 22. Bxd6 exd6 23. Nxd6 Qd7 24. Ndb5 Rfc8 25. Qb3 Bf8 26. Nb1 Rab8 27. Bg4
f5 28. Be2 Kh8 29. Nd2 Qe7 30. Nf3 Bg7 31. Bd3 Rf8 32. Re1 g5 33. Qc2 Bd7 34.
Nh2 Rbc8 35. Rb1 f4 36. Nf1 f3 37. g4 h5 38. gxh5 Qe6 39. Ng3 Qxh3 40. Bf1 Qg4
41. Bd3 Rce8 42. Re1 Rf6 43. Nc7 Rc8 44. Nxd5 Rh6 45. Bf5 Bxf5 46. Qxf5 Qxf5
47. Nxf5 Rxh5 48. Rb1 g4 49. e4 Re8 50. Ng3 Rh3 51. Rxb6 Rxg3+ 52. fxg3 Rxe4
53. Kf1 Kh7 54. Rb7 Kh6 55. Re7 Rxe7 56. Nxe7 Bf8 57. Nc6 Bd6 58. Kf2 Bc7 59.
c4 Kg6 60. c5 Kf7 61. d5 Ke8 62. d6 Bd8 63. Nb8 Bf6 64. c6 Kd8 65. c7+ Kc8 66.
Nc6 1-0

[Event "2011 March of Kings"]
[Site "Calgary"]
[Date "2011.03.06"]
[Round "4.2"]
[White "Robichaud, Martin"]
[Black "Rekhson, Vladislav"]
[Result "1-0"]
[WhiteElo "2200"]
[BlackElo "2133"]
[PlyCount "49"]
[EventDate "2011.03.05"]
[EventType "swiss"]
[EventRounds "5"]
[EventCountry "CAN"]

1. e4 c5 2. c3 d5 3. exd5 Qxd5 4. d4 Nf6 5. Nf3 Bg4 6. Be2 e6 7. O-O Nc6 8. Be3
cxd4 9. cxd4 Be7 10. Nc3 Qd6 11. Qb3 O-O 12. Rad1 Nd5 13. Nxd5 exd5 14. h3 Bh5
15. Rc1 b6 16. Rxc6 Qxc6 17. Ne5 Qe6 18. Bxh5 g6 19. Bf3 Rfd8 20. Rc1 Bd6 21.
Bxd5 Qf5 22. Bxf7+ Kg7 23. Be6 Qf6 24. Ng4 Qe7 25. d5 1-0

[Event "2011 March of Kings"]
[Site "Calgary"]
[Date "2011.03.06"]
[Round "4.3"]
[White "Kluytmans, Frank"]
[Black "Raman, Shanker"]
[Result "1-0"]
[WhiteElo "1782"]
[BlackElo "1752"]
[PlyCount "137"]
[EventDate "2011.03.05"]
[EventType "swiss"]
[EventRounds "5"]
[EventCountry "CAN"]

1. e4 e5 2. Nf3 Nf6 3. Nxe5 d6 4. Nf3 Nxe4 5. d4 d5 6. Bd3 Bf5 7. O-O Be7 8.
Re1 O-O 9. c4 Nd6 10. c5 Ne4 11. Nc3 Nxc3 12. bxc3 Bxd3 13. Qxd3 c6 14. Rb1 b6
15. Ne5 Bf6 16. Ba3 b5 17. Re3 Qc8 18. Rh3 g6 19. f4 Qe6 20. Rf1 Nd7 21. g4
Bxe5 22. fxe5 Qxg4+ 23. Rg3 Qe6 24. Bc1 f5 25. Bh6 Rf7 26. h4 Nf8 27. h5 Kh8
28. Bg5 Nd7 29. hxg6 hxg6 30. Bf6+ Nxf6 31. Rxg6 Rg8 32. Rxg8+ Nxg8 33. Kf2 Qh6
34. Rg1 Qf4+ 35. Ke1 Qe4+ 36. Qe2 Qxe2+ 37. Kxe2 Ne7 38. Kf3 Rg7 39. Rh1+ Kg8
40. a4 a6 41. axb5 axb5 42. Ra1 Kf7 43. Ra7 Ke6 44. Ra8 Rh7 45. Rd8 Rh3+ 46.
Kf4 Rxc3 47. Rd6+ Kf7 48. Rf6+ Ke8 49. e6 Rc1 50. Ke5 Re1+ 51. Kd6 Re4 52. Rh6
Nc8+ 53. Kxc6 Ke7 54. Kxd5 b4 55. Rh8 Na7 56. Rh7+ Kf6 57. Rxa7 Rxe6 58. c6 Re8
59. Kc4 f4 60. Kxb4 Ke6 61. Kc5 f3 62. d5+ Ke5 63. Ra2 Rf8 64. Rf2 Ke4 65. c7
Ke3 66. Rxf3+ Kxf3 67. d6 Rf5+ 68. Kc6 Rf8 69. d7 1-0

[Event "2011 March of Kings"]
[Site "Calgary"]
[Date "2011.03.06"]
[Round "4.4"]
[White "Zeggelaar, Mike"]
[Black "Stacey, George"]
[Result "1-0"]
[WhiteElo "1947"]
[BlackElo "882"]
[PlyCount "69"]
[EventDate "2011.03.05"]
[EventType "swiss"]
[EventRounds "5"]
[EventCountry "CAN"]

1. e4 e5 2. Nf3 Nf6 3. Bc4 Nc6 4. Ng5 d5 5. exd5 Na5 6. Bb5+ Bd7 7. Bxd7+ Qxd7
8. Nc3 Nxd5 9. O-O Nxc3 10. bxc3 Be7 11. d4 exd4 12. Re1 O-O 13. Nxh7 Kxh7 14.
Qh5+ Kg8 15. Qxa5 dxc3 16. Rb1 Bf6 17. Rxb7 Bd8 18. Qxc3 Qc8 19. Rb5 Rb8 20.
Rh5 Bf6 21. Qd3 g6 22. Rd5 Re8 23. Rd1 Kg7 24. Be3 Ra8 25. Rd7 Rd8 26. Rxd8
Qxd8 27. Qxd8 Bxd8 28. Kf1 c6 29. Rb1 Bb6 30. Bxb6 axb6 31. Rxb6 Rxa2 32. Rxc6
Ra1+ 33. Ke2 Ra7 34. Rd6 Re7+ 35. Kd2 1-0

[Event "2011 March of Kings"]
[Site "Calgary"]
[Date "2011.03.06"]
[Round "5.1"]
[White "Yearwood, Roy"]
[Black "Robichaud, Martin"]
[Result "1/2-1/2"]
[WhiteElo "2188"]
[BlackElo "2200"]
[PlyCount "100"]
[EventDate "2011.03.05"]
[EventType "swiss"]
[EventRounds "5"]
[EventCountry "CAN"]

1. d4 d5 2. Bf4 Nf6 3. e3 c5 4. c3 Nc6 5. Nf3 e6 6. Nbd2 Be7 7. Bb5 Bd7 8. O-O
O-O 9. h3 Nxd4 10. Nxd4 cxd4 11. Bxd7 dxe3 12. Bxe6 exf2+ 13. Rxf2 fxe6 14. Re2
Qb6+ 15. Kh1 Nh5 16. Bh2 Nf4 17. Bxf4 Rxf4 18. Nf3 Raf8 19. Qb3 Qc6 20. Rae1
R8f6 21. Qd1 Bc5 22. Ne5 Qd6 23. Nd3 R4f5 24. Nxc5 Qxc5 25. Rxe6 Rxe6 26. Rxe6
Qb5 27. Qe2 Rf1+ 28. Kh2 Qxe2 29. Rxe2 Kf7 30. Kg3 Ra1 31. a3 Rd1 32. Kf4 Kf6
33. Kf3 h5 34. Rf2 Re1 35. Kg3+ Kg6 36. Rd2 Re5 37. Rd4 Kf5 38. Kf3 Ke6 39. Ra4
Rf5+ 40. Ke3 a6 41. Rb4 b5 42. a4 Kd6 43. axb5 axb5 44. Rf4 Re5+ 45. Kd3 Rg5
46. g4 hxg4 47. hxg4 Rg6 48. Kd4 Re6 49. Kd3 g6 50. g5 Ke5 1/2-1/2

[Event "2011 March of Kings"]
[Site "Calgary"]
[Date "2011.03.06"]
[Round "5.2"]
[White "Kaminski, Thomas"]
[Black "Kluytmans, Frank"]
[Result "1-0"]
[WhiteElo "2229"]
[BlackElo "1782"]
[PlyCount "74"]
[EventDate "2011.03.05"]
[EventType "swiss"]
[EventRounds "5"]
[EventCountry "CAN"]

1. c4 Nf6 2. Nc3 e5 3. g3 Nc6 4. Bg2 d6 5. e3 Be6 6. Nd5 Bxd5 7. cxd5 Ne7 8.
Qb3 Qc8 9. Ne2 g6 10. O-O Bg7 11. d3 O-O 12. Bd2 c5 13. a4 Rb8 14. Nc3 Ne8 15.
a5 f5 16. Qc4 Nc7 17. Ra4 b5 18. axb6 axb6 19. Nb5 Nxb5 20. Qxb5 Qe8 21. Qb3
Qd7 22. Rfa1 b5 23. Ra7 Rb7 24. R7a6 Rfb8 25. Rc6 Nc8 26. Raa6 Bf8 27. Qa2 b4
28. f4 exf4 29. gxf4 Bg7 30. b3 Kh8 31. Qa5 Rb5 32. Qa4 Bc3 33. Bc1 Qg7 34.
Rxc8+ Rxc8 35. Qxb5 Bb2 36. Qc4 Bxc1 37. Qxc1 Qd7 1-0

[Event "2011 March of Kings"]
[Site "Calgary"]
[Date "2011.03.06"]
[Round "5.3"]
[White "Rekhson, Vladislav"]
[Black "Zeggelaar, Mike"]
[Result "1-0"]
[WhiteElo "2133"]
[BlackElo "1945"]
[PlyCount "71"]
[EventDate "2011.03.05"]
[EventType "swiss"]
[EventRounds "5"]
[EventCountry "CAN"]

1. e4 e6 2. d4 d5 3. Nc3 Nf6 4. Bg5 Be7 5. e5 Nfd7 6. h4 O-O 7. Qg4 f5 8. Qg3
a6 9. O-O-O c5 10. f4 Nc6 11. Nf3 Qe8 12. Rh3 cxd4 13. Ne2 d3 14. cxd3 Bc5 15.
h5 Kh8 16. Nh4 Be7 17. Ng6+ Kg8 18. Bxe7 Nxe7 19. Nxf8 Qxf8 20. d4 Nc6 21. Nc3
b5 22. Qf3 Nxd4 23. Qd3 b4 24. Nxd5 Qc5+ 25. Qc4 exd5 26. Qxc5 Nxc5 27. Rxd4
Ne4 28. Rxb4 Be6 29. b3 Rc8+ 30. Kb2 a5 31. Rb7 Nf2 32. Rg3 Nd1+ 33. Ka3 Bf7
34. e6 Bxe6 35. Rgxg7+ Kf8 36. Rge7 1-0

[Event "2011 March of Kings"]
[Site "Calgary"]
[Date "2011.03.06"]
[Round "5.4"]
[White "Miller, Brian"]
[Black "Milne, Arthur"]
[Result "0-1"]
[WhiteElo "1988"]
[BlackElo "1704"]
[PlyCount "74"]
[EventDate "2011.03.05"]
[EventType "swiss"]
[EventRounds "5"]
[EventCountry "CAN"]

1. d4 c5 2. d5 f5 3. c4 Nf6 4. Nc3 d6 5. Bg5 Nbd7 6. e3 g6 7. Bd3 Bg7 8. Qc2
Ne5 9. Bxf6 Nxd3+ 10. Qxd3 Bxf6 11. Nge2 Qb6 12. Qc2 O-O 13. O-O e5 14. a3 Bd7
15. Rfb1 Qa6 16. b3 Rab8 17. a4 Qb6 18. Ra2 a6 19. Nc1 Qc7 20. Nd3 Rfc8 21. a5
g5 22. Qd2 e4 23. Nb2 Rf8 24. Nca4 Be5 25. Nb6 Be8 26. Nd1 Qg7 27. Qe2 Rf6 28.
f3 Rh6 29. h3 Bh5 30. g4 Bg6 31. Qg2 exf3 32. Qxf3 fxg4 33. Qxg4 Bxb1 34. Rf2
Rf8 35. Rxf8+ Qxf8 36. e4 Bd4+ 37. Kg2 Bd3 0-1

[Event "2011 Alberta Closed"]
[Site "Calgary"]
[Date "2011.04.23"]
[Round "3"]
[White "Haessel, Dale"]
[Black "Haynes, Nicolas"]
[Result "0-1"]
[WhiteElo "2255"]
[BlackElo "2311"]
[PlyCount "107"]
[EventDate "2011.04.22"]
[EventType "tourn"]
[EventRounds "5"]
[EventCountry "CAN"]

1. d4 Nf6 2. c4 Nc6 3. Nf3 e6 4. Nc3 Bb4 5. Qc2 O-O 6. e4 d6 7. Bd3 e5 8. d5
Ne7 9. a3 Bxc3+ 10. Qxc3 a5 11. O-O Ng6 12. g3 Bh3 13. Re1 h6 14. Bd2 a4 15. c5
Nd7 16. Be3 b6 17. cxb6 cxb6 18. Nd2 Nc5 19. Bc2 Qf6 20. Bxc5 bxc5 21. f4 Rfb8
22. f5 Nf8 23. Nc4 Nh7 24. Bd1 Ng5 25. g4 g6 26. Re3 gxf5 27. exf5 h5 28. Rxh3
Nxh3+ 29. Qxh3 hxg4 30. Qxg4+ Kf8 31. Bf3 Ke7 32. Bg2 Rg8 33. Qe4 Rab8 34. Rf1
Rh8 35. Qc2 Qh4 36. f6+ Kd8 37. Be4 Rh6 38. Qg2 Rxf6 39. Rxf6 Qxf6 40. Bc2 Qf4
41. Qe4 Qc1+ 42. Kf2 Qh6 43. h4 Rb7 44. Qg4 Qf6+ 45. Ke2 Rb8 46. Qe4 Ke7 47.
Bxa4 Qg7 48. Bc2 Qg1 49. b3 Rg8 50. Ne3 Qh2+ 51. Kd3 Rg3 52. Kc4 Qe2+ 53. Qd3
Rxe3 54. Qxe2 0-1

[Event "2011 Alberta Closed"]
[Site "Calgary"]
[Date "2011.04.24"]
[Round "4"]
[White "Haessel, Dale"]
[Black "Rekhson, Vladislav"]
[Result "1/2-1/2"]
[WhiteElo "2255"]
[BlackElo "2083"]
[PlyCount "38"]
[EventDate "2011.04.22"]
[EventType "tourn"]
[EventRounds "5"]
[EventCountry "CAN"]

1. d4 Nf6 2. c4 e6 3. Nc3 d5 4. Nf3 Be7 5. Bg5 h6 6. Bh4 O-O 7. e3 b6 8. Be2
Bb7 9. Bxf6 Bxf6 10. cxd5 exd5 11. b4 c5 12. bxc5 bxc5 13. O-O cxd4 14. Nxd4
Nc6 15. Rb1 Nxd4 16. Rxb7 Qa5 17. exd4 Qxc3 18. Bf3 Qxd4 19. Bxd5 Rad8 1/2-1/2

[Event "2011 Alberta Closed"]
[Site "Calgary"]
[Date "2011.04.24"]
[Round "5"]
[White "Rekhson, Vladislav"]
[Black "Haynes, Nicolas"]
[Result "1/2-1/2"]
[WhiteElo "2083"]
[BlackElo "2311"]
[PlyCount "48"]
[EventDate "2011.04.22"]
[EventType "tourn"]
[EventRounds "5"]
[EventCountry "CAN"]

1. e4 e5 2. Nf3 Nc6 3. Bb5 a6 4. Ba4 Nf6 5. d3 b5 6. Bb3 Be7 7. c3 O-O 8. O-O
d6 9. h3 Na5 10. Bc2 c5 11. Re1 Qc7 12. Nbd2 Bd7 13. Nf1 Rfe8 14. g4 Bc6 15.
Ng3 d5 16. Nf5 dxe4 17. dxe4 Nd7 18. b3 Rad8 19. Qe2 Nf8 20. Be3 Ne6 21. Rad1
Bf8 22. Ng5 Nxg5 23. Bxg5 f6 24. Be3 Bd7 1/2-1/2

[Event "2011 Calgary International"]
[Site "Calgary"]
[Date "2011.05.19"]
[Round "1"]
[White "Haessel, Dale"]
[Black "Neven, Knut"]
[Result "1-0"]
[WhiteElo "2184"]
[BlackElo "2155"]
[PlyCount "89"]
[EventDate "2011.05.19"]
[EventType "tourn"]
[EventRounds "9"]
[EventCountry "CAN"]
[EventCategory "4"]

1. d4 Nf6 2. c4 g6 3. Nf3 Bg7 4. g3 d5 5. cxd5 Nxd5 6. Bg2 Nb6 7. Nc3 Nc6 8.
Bf4 O-O 9. O-O Nxd4 10. Nxd4 Qxd4 11. Qxd4 Bxd4 12. Bxc7 Bxc3 13. bxc3 Na4 14.
Ba5 Rb8 15. Rfb1 Bf5 16. Rxb7 Rxb7 17. Bxb7 Rb8 18. Bc6 Nxc3 19. Bxc3 Rc8 20.
Rd1 f6 21. Bd5+ e6 22. Bb3 Rxc3 23. f3 h5 24. Kg2 g5 25. e4 Bg6 26. Rd7 g4 27.
Bxe6+ Kf8 28. fxg4 hxg4 29. Bxg4 Bxe4+ 30. Kh3 f5 31. Bh5 a5 32. Kh4 a4 33. Kg5
a3 34. Bf7 Rc6 35. Ra7 Rc2 36. h4 Rc3 37. Kf6 Rc6+ 38. Ke5 Rc5+ 39. Kf4 Rc3 40.
Be6 Rf3+ 41. Ke5 Rxg3 42. Kf6 f4 43. h5 Rc3 44. Rg7 Rg3 45. Rc7 1-0

[Event "2011 Calgary International"]
[Site "Calgary"]
[Date "2011.05.19"]
[Round "1"]
[White "Langer, Michael"]
[Black "Kazmaier, Daniel"]
[Result "0-1"]
[WhiteElo "2267"]
[BlackElo "2137"]
[PlyCount "120"]
[EventDate "2011.05.19"]
[EventType "tourn"]
[EventRounds "9"]
[EventCountry "CAN"]
[EventCategory "4"]

1. e4 e6 2. d4 d5 3. Nd2 Nf6 4. e5 Nfd7 5. Bd3 c5 6. c3 Nc6 7. Ne2 cxd4 8. cxd4
f6 9. Nf4 Nxd4 10. Qh5+ Ke7 11. exf6+ Nxf6 12. Ng6+ hxg6 13. Qxh8 Kf7 14. Qh4
e5 15. Nf3 Nxf3+ 16. gxf3 Bf5 17. Bxf5 gxf5 18. Bg5 Qa5+ 19. Kf1 g6 20. Bxf6
Qa6+ 21. Kg2 Qxf6 22. Qa4 Qc6 23. Qxc6 bxc6 24. Rac1 c5 25. Rc3 c4 26. b3 Bb4
27. Rc2 cxb3 28. axb3 d4 29. Rc6 a5 30. Kf1 d3 31. Rg1 Rh8 32. Rcxg6 Rxh2 33.
Rg7+ Kf8 34. Rc7 e4 35. fxe4 fxe4 36. Rc4 Rh4 37. Kg2 Rg4+ 38. Kh2 Bd6+ 39. Kh1
Rh4+ 40. Kg2 Rh2+ 41. Kf1 e3 42. fxe3 d2 43. Rd4 Bc5 44. Rd8+ Ke7 45. Rgg8 Bd6
46. Rge8+ Kf7 47. Rxd6 Kxe8 48. e4 Kf7 49. e5 Ke7 50. Rd5 Ke6 51. Rd4 Kxe5 52.
Rd8 Ke4 53. Rd7 Ke3 54. Re7+ Kf3 55. Rf7+ Ke3 56. Re7+ Kd3 57. Rd7+ Kc2 58.
Rc7+ Kxb3 59. Rb7+ Ka2 60. Rd7 d1=Q+ 0-1

[Event "2011 Calgary International"]
[Site "Calgary"]
[Date "2011.05.19"]
[Round "1"]
[White "Stopa, Jacek"]
[Black "Sevillano, Enrico"]
[Result "1/2-1/2"]
[WhiteElo "2460"]
[BlackElo "2510"]
[PlyCount "40"]
[EventDate "2011.05.19"]
[EventType "tourn"]
[EventRounds "9"]
[EventCountry "CAN"]
[EventCategory "4"]

1. e4 c5 2. Nf3 Nc6 3. d4 cxd4 4. Nxd4 Nf6 5. Nc3 e5 6. Ndb5 d6 7. Bg5 a6 8.
Na3 b5 9. Nd5 Be7 10. Bxf6 Bxf6 11. c4 b4 12. Nc2 a5 13. Be2 O-O 14. O-O Bg5
15. Qd3 Be6 16. Rad1 Bxd5 17. Qxd5 Qb6 18. Qb5 Qc7 19. Qd5 Qb6 20. Qb5 Qc7
1/2-1/2

[Event "2011 Calgary International"]
[Site "Calgary"]
[Date "2011.05.20"]
[Round "2"]
[White "Kraai, Jesse"]
[Black "Haessel, Dale"]
[Result "1/2-1/2"]
[WhiteElo "2516"]
[BlackElo "2184"]
[PlyCount "74"]
[EventDate "2011.05.19"]
[EventType "tourn"]
[EventRounds "9"]
[EventCountry "CAN"]
[EventCategory "4"]

1. d4 d5 2. Nf3 Nf6 3. c4 c6 4. e3 Bg4 5. h3 Bxf3 6. Qxf3 e6 7. Bd3 Nbd7 8. O-O
Bd6 9. Nc3 O-O 10. b3 dxc4 11. bxc4 e5 12. Rb1 Qc7 13. Bb2 Rfe8 14. Rfd1 Rad8
15. g4 h6 16. h4 exd4 17. exd4 Bh2+ 18. Kg2 Qf4 19. g5 Qxf3+ 20. Kxf3 Nh5 21.
Ne4 hxg5 22. hxg5 Bc7 23. Bc2 Nf8 24. Bc1 b6 25. Rh1 g6 26. Bb2 Ne6 27. d5 cxd5
28. cxd5 Rxd5 29. Rxh5 Rf5+ 30. Kg4 Rf4+ 31. Kh3 gxh5 32. Nf6+ Kf8 33. Kg2 Rd8
34. Nh7+ Kg8 35. Nf6+ Kf8 36. Nh7+ Kg8 37. Nf6+ Kf8 1/2-1/2

[Event "2011 Calgary International"]
[Site "Calgary"]
[Date "2011.05.20"]
[Round "2"]
[White "Neven, Knut"]
[Black "Stopa, Jacek"]
[Result "1/2-1/2"]
[WhiteElo "2155"]
[BlackElo "2460"]
[PlyCount "91"]
[EventDate "2011.05.19"]
[EventType "tourn"]
[EventRounds "9"]
[EventCountry "CAN"]
[EventCategory "4"]

1. e4 e6 2. d4 d5 3. exd5 exd5 4. Bd3 Nf6 5. Nf3 Bg4 6. h3 Bh5 7. O-O Be7 8.
Bf4 O-O 9. Nbd2 Nbd7 10. c3 c5 11. g4 Bg6 12. Bxg6 hxg6 13. Qb3 b6 14. Rfe1 Re8
15. Re3 Nf8 16. Rae1 Ne6 17. Rxe6 fxe6 18. Qc2 Bd6 19. Bxd6 Qxd6 20. Ne5 cxd4
21. Qxg6 Qf8 22. cxd4 Nh7 23. Re3 Qf6 24. Qd3 Qh6 25. h4 Rac8 26. Ndf3 Qf4 27.
Kg2 Rf8 28. g5 Rc7 29. Ng6 Qg4+ 30. Kh2 Rf5 31. Qa3 Nf8 32. Nge5 Qf4+ 33. Kg2
Rc2 34. Rc3 Rxc3 35. Qxc3 Qe4 36. Kg3 Qe2 37. a4 Qd1 38. b3 Qb1 39. Kg2 Rf4 40.
Kg3 Qf5 41. h5 Qe4 42. Qc7 Rf5 43. Qe7 a5 44. Qd8 Qf4+ 45. Kg2 Qe4 46. Kg3
1/2-1/2

[Event "2011 Calgary International"]
[Site "Calgary"]
[Date "2011.05.20"]
[Round "2"]
[White "Sevillano, Enrico"]
[Black "Langer, Michael"]
[Result "1-0"]
[WhiteElo "2510"]
[BlackElo "2267"]
[PlyCount "69"]
[EventDate "2011.05.19"]
[EventType "tourn"]
[EventRounds "9"]
[EventCountry "CAN"]
[EventCategory "4"]

1. e4 c5 2. c3 d6 3. d4 Nf6 4. Bd3 g6 5. dxc5 dxc5 6. e5 Nh5 7. Nf3 Nc6 8. Qe2
Qc7 9. h3 Ng7 10. Na3 Ne6 11. Nc4 b5 12. Ne3 Nf4 13. Qc2 Nxd3+ 14. Qxd3 Nxe5
15. Nxe5 Qxe5 16. Qxb5+ Bd7 17. Qa6 Rb8 18. Qxa7 Bb5 19. c4 Bc6 20. O-O Rb7 21.
Qa6 Qc7 22. Nd5 Bxd5 23. cxd5 Bg7 24. Bf4 Qb6 25. Qa8+ Kd7 26. Qa4+ Qb5 27. Qe4
Qb4 28. Qf3 Rb6 29. Be3 f5 30. Rac1 Qxb2 31. Bxc5 Rb5 32. Rfe1 Be5 33. Ba3 Qd4
34. Qe2 Qxd5 35. Rcd1 1-0

[Event "2011 Calgary International"]
[Site "Calgary"]
[Date "2011.05.20"]
[Round "3"]
[White "Kazmaier, Daniel"]
[Black "Sevillano, Enrico"]
[Result "0-1"]
[WhiteElo "2137"]
[BlackElo "2510"]
[PlyCount "76"]
[EventDate "2011.05.19"]
[EventType "tourn"]
[EventRounds "9"]
[EventCountry "CAN"]
[EventCategory "4"]

1. d4 Nf6 2. c4 c5 3. Nf3 cxd4 4. Nxd4 e5 5. Nb5 d5 6. cxd5 Bc5 7. e3 O-O 8.
N5c3 e4 9. Be2 Re8 10. O-O Bf5 11. b4 Bxb4 12. Qb3 Bd6 13. Na3 Nbd7 14. Nc4 Nc5
15. Qb4 Bf8 16. d6 Rc8 17. Nb5 Bg4 18. f3 exf3 19. Bxf3 Na6 20. Qb3 Be6 21. Be2
Nc5 22. Qc3 Nce4 23. Qd4 Bxc4 24. Bxc4 Nxd6 25. Nxd6 Bxd6 26. Qh4 Re4 27. Bxf7+
Kf8 28. Qh3 Kxf7 29. Rxf6+ Qxf6 30. Qxc8 Qxa1 31. Qf5+ Kg8 32. Qd5+ Kh8 33.
Qxe4 Qxc1+ 34. Kf2 Qb2+ 35. Kf3 Qf6+ 36. Ke2 Qf7 37. Qd4 Qxa2+ 38. Kd1 Qb1+ 0-1

[Event "2011 Calgary International"]
[Site "Calgary"]
[Date "2011.05.20"]
[Round "3"]
[White "Stopa, Jacek"]
[Black "Kraai, Jesse"]
[Result "1/2-1/2"]
[WhiteElo "2460"]
[BlackElo "2516"]
[PlyCount "128"]
[EventDate "2011.05.19"]
[EventType "tourn"]
[EventRounds "9"]
[EventCountry "CAN"]
[EventCategory "4"]

1. e4 e6 2. d4 d5 3. Nc3 Nf6 4. e5 Nfd7 5. Nce2 c5 6. c3 Nc6 7. Nf3 Be7 8. h4
cxd4 9. cxd4 f6 10. Nf4 Ndxe5 11. dxe5 fxe5 12. Nh3 O-O 13. Bg5 Bb4+ 14. Bd2 e4
15. Nd4 Bc5 16. Nb3 Bb6 17. Qh5 e5 18. O-O-O Bxh3 19. Rxh3 Rxf2 20. Kb1 Qf6 21.
Bg5 Qf5 22. g4 Qf8 23. Bb5 Nd4 24. Nxd4 exd4 25. Bc1 Rd8 26. Rhh1 d3 27. Ba4
Qf3 28. Qf5 Qxf5 29. gxf5 Bd4 30. Rhf1 Rxf1 31. Rxf1 e3 32. Rd1 d2 33. Bxd2
exd2 34. Rxd2 Bf6 35. Bb3 Bxh4 36. Rxd5 Kf8 37. Rxd8+ Bxd8 38. Kc2 h5 39. Bd5
b6 40. Kd3 h4 41. Bg2 Ke7 42. Ke4 Kd6 43. b3 Kc5 44. Kd3 Kb4 45. Kc2 Ka3 46.
Kb1 Bg5 47. Bh1 h3 48. Bf3 h2 49. Bg2 a5 50. Bf3 Kb4 51. Kc2 Kc5 52. Kd3 b5 53.
Bg2 b4 54. Ke4 Kd6 55. Bh1 Bd8 56. Kd3 Ke5 57. Bb7 Kxf5 58. Bh1 Kf4 59. Ke2 g5
60. Bb7 g4 61. Bh1 g3 62. Bg2 Bb6 63. Bh1 Ke5 64. Kd3 Kf4 1/2-1/2

[Event "2011 Calgary International"]
[Site "Calgary"]
[Date "2011.05.21"]
[Round "4"]
[White "Kraai, Jesse"]
[Black "Langer, Michael"]
[Result "1-0"]
[WhiteElo "2516"]
[BlackElo "2267"]
[PlyCount "37"]
[EventDate "2011.05.19"]
[EventType "tourn"]
[EventRounds "9"]
[EventCountry "CAN"]
[EventCategory "4"]

1. d4 Nf6 2. Nf3 e6 3. g3 b6 4. Bg2 Bb7 5. O-O c5 6. c4 cxd4 7. Qxd4 Bc5 8. Qf4
d5 9. Nc3 Nbd7 10. cxd5 Nxd5 11. Nxd5 Bxd5 12. Qa4 Qc7 13. Bf4 Qc6 14. Qxc6
Bxc6 15. Rac1 Rc8 16. b4 Be7 17. Nd4 e5 18. Bxc6 exd4 19. Bb5 1-0